000 00604nam a2200229Ia 4500
003 OSt
005 20220928101759.0
006 a|||||r|||| 00| 0
007 ta
008 220927b |||||||| |||| 00| 0 eng d
024 _a49523
037 _cTextual
040 _aSDCL
_cSDCL
_beng
041 _2eng
_aeng
082 _aO152,2N:g, N3
100 _aShekh Aabdursheed
_9395082
245 0 _aSamesha ke chran.
260 _aDelhi
_bAadhunik Sahitya Prakashan
_c1993
300 _a126p.
_ccm.
942 _hO152,2N:g, N3
_cTEXL
_2CC
999 _c710705
_d710705